Responses for show #8164 - Thursday, February 20, 2020

MacKenzie Jones game 4.

Contestants

[<< previous game]

Amal Karim, an impact officer from Minneapolis, Minnesota

Judy Mader, a project manager from Maitland, Florida

MacKenzie Jones, a program development director from Tulsa, Oklahoma (whose 3-day cash winnings total $85,601)

[next game >>]

Jeopardy! Round responses

THE BIBLE BOOK TELLS ME SO
LESSER-KNOWN NAMES
GEOGRAPHICALLY SPEAKING
SILENT "K" IS GOLDEN
5 OF A KIND
TV DRAMA
    $200 23
Genesis

Judy
    $200 12
a Whopper

Amal
    $200 17
(Alex: And that would be a [*]. Boom. That fast.)

a New York minute

Triple Stumper
    $200 7
knead

Amal
    $200 1
(MacKenzie: What is point guard?)

center

MacKenzieJudy
    $200 2
Downton Abbey

Judy
    $400 24
(Alex: Less than a minute now.)

Exodus

MacKenzie
    $400 13
an MRI

Amal
    $400 18
(Amal: What is Vienna?)
(Alex: We need the dish.)
(Amal: Oh. What is Vienna cutlet?)
(MacKenzie: What is Vienna sausage?)

wiener schnitzel

MacKenzieAmal
Triple Stumper
    $400 8
knowledge (of good and evil)

Judy
    $400 19
Puerto Rico

MacKenzie
    $400 3
General Hospital

MacKenzie
    $600 26
Ecclesiastes

Triple Stumper
    $2,800 14
Madame Tussaud

Amal
    $600 25
Bermuda shorts

Judy
    $600 9
knuckle down

Amal
    $600 20
NC-17

Judy
    $600 4
a telenovela

Amal
    $800 27
Jonah

MacKenzie
    $800 15
(Simon) Bolivar

Amal
    $800 28
Miss Saigon

MacKenzie
    $800 10
a knot

Amal
    $800 21
dairy

Amal
    $800 5
True Detective

MacKenzie
    $1000 16
the Amistad

MacKenzie
    $1000 29
(Judy: What is Macaw?)
...
[The end-of-round signal sounds.]

Polynesia

JudyAmal
    $1000 11
Know-Nothing

MacKenzie
    $1000 22
Rimsky-Korsakov

MacKenzie
    $1000 6
Ray Donovan

Triple Stumper

Scores at the first commercial break (after clue 15):

MacKenzie Judy Amal
$2,000 $800 $6,400

Scores at the end of the Jeopardy! Round:

MacKenzie Judy Amal
$6,000 $1,200 $7,800

Double Jeopardy! Round responses

HISTORY TIMELINE
BODY PART ADJECTIVES
ESTABLISHING SOME BORDERS
A ROLE FOR THE DIRECTOR
KNICKKNACK
KEROUAC
    $400 15
the Olympics Games

MacKenzie
    $400 14
lingual

Amal
    $400 13
Chile

Triple Stumper
    $400 22
Ragnarok

Judy
    $400 26
a bust

Judy
    $400 23
Ginsberg

Amal
    $800 16
(Judy: Who is Czar Nicholas?)

Peter (the Great)

JudyAmal
    $800 2
the lungs

Amal
    $800 18
Vietnam

Amal
    $800 5
Quentin Tarantino

Amal
    $800 9
a thimble

MacKenzie
    $800 24
Dharma

MacKenzie
    $1200 17
(Amal: Who is Cortez?)

Pizarro

MacKenzieAmal
    $1200 1
pedal

MacKenzie
    $3,000 19
Libya

Amal
    $1200 6
Ben Affleck

Judy
    $1200 10
Old King Cole

Judy
    $1200 25
(Amal: What is France?)

Canada

Amal
Triple Stumper
    $1600 27
Trafalgar

Triple Stumper
    $1600 3
lumbar

Judy
    $1600 20
(Amal: What is Nigeria?)

Niger

Amal
Triple Stumper
    $1600 7
(Alex: Yeah. Fun film.)

Tootsie

Judy
    $1600 11
a spittoon

Judy
    $1600 29
Naked Lunch

MacKenzie
    $2000 28
Masada

Amal
    $2000 4
the forearm

Triple Stumper
    $2000 21
Kazakhstan

MacKenzie
    $2000 8
Jon Favreau

Amal
    $3,000 12
(Judy: What is Limoges?)

baccarat

Judy
    $2000 30
(Amal: Who is Moriarty?)

Sal Paradise

MacKenzieAmal

Scores at the end of the Double Jeopardy! Round:

MacKenzie Judy Amal
$16,000 $5,400 $12,800

[wagering suggestions for these scores]

Final Jeopardy! Round responses

THE RACE TO SPACE
(Alex: Now over to our champion, MacKenzie. She wrote down a very interesting [MacKenzie covers her face in embarrassment] spelling of [*].)
[Laughter]
(Alex: We do not penalize for misspelled words. You're lucky.)
JudyWhat is Jordan?
$4,600
AmalWhat is Lebanon?
$9,601
MacKenzieWhat is Lebbenon?
$9,601
Lebanon

Final scores:

MacKenzie Judy Amal
$25,601 $800 $22,401
4-day champion: $111,202 3rd place: $1,000 2nd place: $2,000

Game dynamics:

Coryat scores:

MacKenzie Judy Amal
$16,000 $8,400 $8,800
17 R,
2 W
13 R,
3 W
(including 1 DD)
19 R
(including 2 DDs),
5 W

Combined Coryat: $33,200

The J! Archive is created by fans, for fans. The Jeopardy! game show and all elements thereof, including but not limited to copyright and trademark thereto, are the property of Jeopardy Productions, Inc. and are protected under law. This website is not affiliated with, sponsored by, or operated by Jeopardy Productions, Inc. Join the discussion at JBoard.tv.